000 00570nam a2200193Ia 4500
005 20260114185621.0
008 008 260114s9999 xx 000 0 eng d
020 _a9781472582935
037 _aEBOOK
040 _aCRL
_beng
_cCRL
041 _aeng
_2eng
084 _qCRL
100 _aSir Winston S. Churchill
_9872269
245 0 _aWar Speeches Volume V The Dawn of Liberation
260 _bBloomsbury
_c2017
856 _uhttps://doi.org/10.5040/9781472582935?locatt=label:secondary_bloomsburyCollections
942 _cEBOOK
999 _c1471217
_d1471217